000 02477nam a22003257a 4500
005 20120717125539.0
008 120717t xxu||||| |||| 00| 0 hin d
010 _aB-472122-125
020 _c250.00
_a9788170284628
035 _aB-472122-125
037 _bविर्चुअस पब्लिकेशंस
040 _aDPL
_bHN
082 _a509.2
100 _924598
_aकेन,फिलिप
245 _aविश्व के महान वैज्ञानिक;
_cफिलिप केन;लाजपतराय द्दारा अनुवादित
_bविश्व प्रसिद्द महान वैज्ञानिकों के जीवन और अनुसंधानों का सचित्र परिचय /
246 _aVishv ke Mahan Veginik
_bby Philip Kain
260 _aदिल्ली
_bराजपाल एण्ड संस
_c2011
270 _bदिल्ली
_aकश्मीरी गेट
_e110006
300 _a280पृ.
_c22सेमी (सजिल्द)
650 _91169
650 _929580
700 _924599
_aलाजपतराय
700 _924924
942 _2ddc
_cHN
_mकेनफि
_h509.2
999 _c68437
_d68437